[Event "Titled Tuesday intern op 24th Oct Late"]
[Site "Chess.com INT"]
[Date "2023.10.24"]
[Round "9"]
[White "Demina, Marya"]
[Black "Simonovic, Miroslav"]
[Result "1-0"]
[WhiteElo "1936"]
[BlackElo "2072"]
[PlyCount "71"]
[EventDate "2023.10.24"]
[EventType "swiss (blitz)"]
[EventRounds "11"]
[EventCountry "USA"]
[SourceTitle "Mega2024 Update 01"]
[Source "Chessbase"]
[SourceDate "2023.11.12"]
[SourceVersion "1"]
[SourceVersionDate "2023.11.12"]
[SourceQuality "1"]

1. d4 Nf6 2. Nf3 c5 3. d5 b5 4. c4 bxc4 5. Nc3 d6 6. e4 Nbd7 7. Bxc4 g6 8. 0-0 Bg7 9. Bf4 0-0 10. Qd2 Ng4 11. h3 Nge5 12. Nxe5 Nxe5 13. Be2 a5 14. Bh6 Ba6 15. Bxg7 Kxg7 16. f4 Nc4 17. Bxc4 Bxc4 18. Rfe1 a4 19. e5 dxe5 20. fxe5 Qb6 21. Kh1 Rfd8 22. Re3 Qb4 23. a3 Qa5 24. d6 exd6 25. exd6 Ra6 26. Rd1 Bb3 27. d7 Bxd1 28. Qxd1 Ra7 29. Re7 Qc7 30. Qd5 Qf4 31. Ne4 Kf8 32. Qxc5 Qf1+ 33. Kh2 Qf4+ 34. Kg1 Raxd7 35. Rxd7+ Ke8 36. Qe7# 1-0

[Event "Titled Tuesday intern op 24th Oct Late"]
[Site "Chess.com INT"]
[Date "2023.10.24"]
[Round "8"]
[White "Simonovic, Miroslav"]
[Black "De Souza, Arthur Olintho"]
[Result "1-0"]
[WhiteElo "2072"]
[BlackElo "2113"]
[PlyCount "41"]
[EventDate "2023.10.24"]
[EventType "swiss (blitz)"]
[EventRounds "11"]
[EventCountry "USA"]
[SourceTitle "Mega2024 Update 01"]
[Source "Chessbase"]
[SourceDate "2023.11.12"]
[SourceVersion "1"]
[SourceVersionDate "2023.11.12"]
[SourceQuality "1"]

1. d4 Nf6 2. Bg5 Ne4 3. Bf4 d5 4. Nd2 Nxd2 5. Qxd2 Bf5 6. e3 e6 7. Bd3 Bxd3 8. Qxd3 Bd6 9. Qb5+ Nd7 10. Bxd6 cxd6 11. Qxb7 Rb8 12. Qxa7 Rxb2 13. Qa3 Rxc2 14. Ne2 0-0 15. Rc1 Qc7 16. 0-0 Rc8 17. Rxc2 Qxc2 18. Rc1 Qxe2 19. Rxc8+ Nf8 20. g3 h5 21. Qxd6 1-0

[Event "Titled Tuesday intern op 05th Sep Early"]
[Site "Chess.com INT"]
[Date "2023.09.05"]
[Round "8"]
[White "Ghosh, Chanchal Kumer"]
[Black "Simonovic, Miroslav"]
[Result "1-0"]
[WhiteElo "2026"]
[BlackElo "2072"]
[PlyCount "99"]
[EventDate "2023.09.05"]
[EventType "swiss (blitz)"]
[EventRounds "11"]
[EventCountry "USA"]
[SourceTitle "EXT 2024"]
[Source "ChessBase"]
[SourceDate "2023.10.10"]
[SourceVersion "1"]
[SourceVersionDate "2023.10.10"]
[SourceQuality "1"]

1. e4 c5 2. Nf3 Nc6 3. d4 cxd4 4. Nxd4 g6 5. Bc4 Bg7 6. c3 d6 7. 0-0 Nf6 8. Re1 0-0 9. h3 a6 10. Be3 Nxd4 11. Bxd4 b5 12. Bd5 Nxd5 13. exd5 e5 14. dxe6 Bxe6 15. Bxg7 Kxg7 16. Qd4+ Qf6 17. Qxd6 Rad8 18. Qg3 Rd5 19. a4 b4 20. cxb4 Qxb2 21. Nc3 Rf5 22. Rab1 Qa3 23. b5 axb5 24. axb5 Rc5 25. Ne4 Qxg3 26. Nxg3 Rb8 27. b6 Rc6 28. Ne4 Rcxb6 29. Rxb6 Rxb6 30. Nc5 Bd5 31. Re7 Rb5 32. Rc7 Rb1+ 33. Kh2 Rf1 34. Kg3 h5 35. h4 Rg1 36. f3 Ra1 37. Nd3 Be6 38. Nf4 Bf5 39. Nd5 Ra2 40. Ne3 Bd3 41. Kf4 Ra4+ 42. Ke5 Rxh4 43. Nd5 Bc4 44. Nf6 Be6 45. Ra7 Rh2 46. Ra8 Rxg2 47. Rg8+ Kh6 48. f4 Re2+ 49. Kd6 g5 50. fxg5# 1-0

[Event "Titled Tuesday intern op 05th Sep Early"]
[Site "Chess.com INT"]
[Date "2023.09.05"]
[Round "7"]
[White "Simonovic, Miroslav"]
[Black "Vincenti, Leonardo"]
[Result "1-0"]
[WhiteElo "2072"]
[BlackElo "2238"]
[PlyCount "63"]
[EventDate "2023.09.05"]
[EventType "swiss (blitz)"]
[EventRounds "11"]
[EventCountry "USA"]
[SourceTitle "EXT 2024"]
[Source "ChessBase"]
[SourceDate "2023.10.10"]
[SourceVersion "1"]
[SourceVersionDate "2023.10.10"]
[SourceQuality "1"]

1. d4 d5 2. Bg5 Qd6 3. a3 Nf6 4. Bxf6 Qxf6 5. e3 e6 6. c4 c6 7. Nc3 Bd6 8. f4 0-0 9. Nf3 dxc4 10. Bxc4 b5 11. Bb3 Bb7 12. 0-0 a6 13. Qd3 Nd7 14. Bc2 g6 15. Ne5 Bxe5 16. fxe5 Qe7 17. Ne4 c5 18. Nf6+ Kh8 19. e4 Rfd8 20. Qh3 Nf8 21. Rf4 h5 22. Raf1 Nh7 23. Nxh5 gxh5 24. Rxf7 Qg5 25. d5 Rg8 26. R7f2 Raf8 27. Qxe6 Rxf2 28. Rxf2 Qc1+ 29. Rf1 Qxc2 30. Qh3 Qc1 31. Rxc1 Rg7 32. Rf1 1-0

[Event "Titled Tuesday intern op 22nd Aug Early"]
[Site "Chess.com INT"]
[Date "2023.08.22"]
[Round "10"]
[White "Garcia Correa, Jose Ricardo"]
[Black "Simonovic, Miroslav"]
[Result "0-1"]
[WhiteElo "2103"]
[BlackElo "2072"]
[PlyCount "112"]
[EventDate "2023.08.22"]
[EventType "swiss (blitz)"]
[EventRounds "11"]
[EventCountry "USA"]
[SourceTitle "EXT 2024"]
[Source "ChessBase"]
[SourceDate "2023.10.10"]
[SourceVersion "1"]
[SourceVersionDate "2023.10.10"]
[SourceQuality "1"]

1. e4 c5 2. Nf3 Nc6 3. d4 cxd4 4. Nxd4 g6 5. Nxc6 dxc6 6. Qxd8+ Kxd8 7. Bf4 Bg7 8. Nc3 e5 9. 0-0-0+ Ke7 10. Be3 b6 11. f3 Be6 12. Ba6 Rb8 13. Rd2 Nf6 14. Rhd1 Bc8 15. Bc4 Be6 16. Bxe6 Kxe6 17. Rd6+ Ke7 18. Rxc6 Rhc8 19. Rxc8 Rxc8 20. Nd5+ Nxd5 21. Rxd5 f5 22. Bg5+ Ke6 23. b3 h6 24. Bh4 g5 25. Bf2 fxe4 26. fxe4 Rf8 27. Be3 Rf1+ 28. Kb2 Bf8 29. Rd3 Be7 30. a4 Re1 31. a5 bxa5 32. Bxa7 Rxe4 33. Rd2 a4 34. c4 a3+ 35. Ka2 Re1 36. Rc2 Bb4 37. c5 Kd7 38. c6+ Kc8 39. Bc5 Bxc5 40. Rxc5 Re2+ 41. Kxa3 Rxg2 42. Rxe5 Kc7 43. Rc5 Rxh2 44. b4 g4 45. b5 g3 46. Rc3 g2 47. Rg3 Rh3 48. Rxh3 g1Q 49. Rb3 Kb6 50. Rc3 Qd4 51. Kb3 Qd5+ 52. Kc2 Kxb5 53. c7 Qf5+ 54. Kb3 Qc8 55. Kc2 Kb4 56. Kd3 Qh3+ 0-1

[Event "Titled Tuesday intern op 22nd Aug Early"]
[Site "Chess.com INT"]
[Date "2023.08.22"]
[Round "4"]
[White "Martins, Bruno Andre Leite"]
[Black "Simonovic, Miroslav"]
[Result "1-0"]
[WhiteElo "2346"]
[BlackElo "2072"]
[PlyCount "51"]
[EventDate "2023.08.22"]
[EventType "swiss (blitz)"]
[EventRounds "11"]
[EventCountry "USA"]
[SourceTitle "EXT 2024"]
[Source "ChessBase"]
[SourceDate "2023.10.10"]
[SourceVersion "1"]
[SourceVersionDate "2023.10.10"]
[SourceQuality "1"]

1. e4 c5 2. Nf3 Nc6 3. d4 cxd4 4. Nxd4 g6 5. Nc3 Bg7 6. Be3 d6 7. Bc4 Nf6 8. f3 h5 9. Qd2 Qa5 10. Nb3 Qd8 11. 0-0-0 Bd7 12. Kb1 Ne5 13. Be2 Rc8 14. Nd5 Nc4 15. Bxc4 Rxc4 16. Nxf6+ Bxf6 17. Rhe1 0-0 18. h3 a5 19. Bg5 Bxg5 20. Qxg5 a4 21. Nd4 Kg7 22. Nf5+ Bxf5 23. exf5 Rc5 24. g4 Rh8 25. Rxe7 hxg4 26. Qxg6+ 1-0

[Event "Titled Tuesday intern op 22nd Aug Early"]
[Site "Chess.com INT"]
[Date "2023.08.22"]
[Round "7"]
[White "Skiadopoulos, Nikolaos"]
[Black "Simonovic, Miroslav"]
[Result "1/2-1/2"]
[WhiteElo "1896"]
[BlackElo "2072"]
[PlyCount "112"]
[EventDate "2023.08.22"]
[EventType "swiss (blitz)"]
[EventRounds "11"]
[EventCountry "USA"]
[SourceTitle "EXT 2024"]
[Source "ChessBase"]
[SourceDate "2023.10.10"]
[SourceVersion "1"]
[SourceVersionDate "2023.10.10"]
[SourceQuality "1"]

1. e4 c5 2. b4 b6 3. bxc5 bxc5 4. Nc3 Bb7 5. Rb1 Bc6 6. Nf3 g6 7. Ne5 Bg7 8. Nxc6 Nxc6 9. Bb2 e5 10. Nd5 Nge7 11. Bb5 0-0 12. 0-0 a6 13. Nxe7+ Nxe7 14. Bc4 d5 15. exd5 Nxd5 16. Qf3 Nb4 17. c3 Qxd2 18. cxb4 Qxb4 19. Bxf7+ Kh8 20. Bxe5 Qh4 21. Qd5 Rad8 22. Bxg7+ Kxg7 23. Qe5+ Qf6 24. Qxf6+ Kxf6 25. Bc4 Rd6 26. Rb7 h5 27. h4 Ke5 28. Re1+ Kf4 29. Rf7+ Rxf7 30. Bxf7 Kf5 31. g3 Kf6 32. Bc4 Rb6 33. Kg2 a5 34. Kf3 Rb4 35. Rc1 Rb2 36. Bb3 a4 37. Bxa4 Rxa2 38. Bb3 Ra3 39. Rc3 c4 40. Rxc4 Rxb3+ 41. Kf4 Rb6 42. f3 Rd6 43. g4 hxg4 44. fxg4 Ra6 45. g5+ Ke6 46. Rb4 Rd6 47. Kg4 Rc6 48. h5 gxh5+ 49. Kxh5 Kf7 50. Rb7+ Kg8 51. g6 Rc1 52. Kh6 Rh1+ 53. Kg5 Rg1+ 54. Kh6 Rh1+ 55. Kg5 Rg1+ 56. Kh6 Rh1+ 1/2-1/2

[Event "Belgrade Serbia op"]
[Site "Belgrade"]
[Date "2023.07.20"]
[Round "5"]
[White "Simonovic, Miroslav"]
[Black "Zlatkov, Anton"]
[Result "1/2-1/2"]
[WhiteElo "2082"]
[BlackElo "2232"]
[PlyCount "156"]
[EventDate "2023.07.16"]
[EventType "swiss"]
[EventRounds "9"]
[EventCountry "SRB"]
[SourceTitle "CBM 215 Extra"]
[Source "ChessBase"]
[SourceDate "2023.09.30"]
[SourceVersion "1"]
[SourceVersionDate "2023.09.30"]
[SourceQuality "1"]

1. d4 Nf6 2. Bg5 Ne4 3. Bf4 c5 4. d5 e6 5. f3 Qa5+ 6. c3 Nf6 7. e4 exd5 8. exd5 Qb6 9. Qe2+ Kd8 10. Qd2 Bd6 11. Bg5 Re8+ 12. Be2 Be7 13. Na3 d6 14. Nc4 Qc7 15. a4 Bf5 16. h4 h5 17. Ne3 Bh7 18. Nh3 Nbd7 19. Nf4 Ne5 20. Bxf6 Bxf6 21. Nxh5 Qe7 22. Kf2 Kc7 23. g3 Rh8 24. b4 cxb4 25. cxb4 Rae8 26. Rac1+ Kb8 27. a5 Bd3 28. Nxf6 Qxf6 29. f4 Be4 30. Ng2 g5 31. hxg5 Nd3+ 32. Bxd3 Qd4+ 33. Qe3 Qxe3+ 34. Nxe3 Bxh1 35. Ng2 Rh2 36. Bf1 Bxg2 37. Bxg2 Rc8 38. Rxc8+ Kxc8 39. b5 Kd8 40. g4 Ke7 41. Kf3 Rh8 42. Bf1 Rc8 43. Bd3 Rc3 44. Ke4 Ra3 45. a6 Ra4+ 46. Kf5 bxa6 47. bxa6 Rd4 48. Be4 Kf8 49. Bf3 Kg7 50. Be4 Rd2 51. g6 fxg6+ 52. Kg5 Rd4 53. Bf3 Ra4 54. Be2 Ra5 55. Bc4 Rc5 56. Ba2 Rc1 57. Bb3 Rc3 58. Ba2 Ra3 59. Bc4 Ra5 60. f5 gxf5 61. Kxf5 Ra4 62. Be2 Rd4 63. Bf3 Rd3 64. Bg2 Re3 65. g5 Re5+ 66. Kf4 Kg6 67. Be4+ Rxe4+ 68. Kxe4 Kxg5 69. Kd4 Kf5 70. Kc4 Ke5 71. Kb4 Kxd5 72. Kb5 Ke6 73. Kc6 d5 74. Kb7 d4 75. Kxa7 d3 76. Kb8 d2 77. a7 d1Q 78. a8Q Qd6+ 1/2-1/2

[Event "Belgrade Serbia op"]
[Site "Belgrade"]
[Date "2023.07.19"]
[Round "4"]
[White "Babakekhyan, Artem"]
[Black "Simonovic, Miroslav"]
[Result "1/2-1/2"]
[WhiteElo "2264"]
[BlackElo "2082"]
[PlyCount "168"]
[EventDate "2023.07.16"]
[EventType "swiss"]
[EventRounds "9"]
[EventCountry "SRB"]
[SourceTitle "CBM 215 Extra"]
[Source "ChessBase"]
[SourceDate "2023.09.30"]
[SourceVersion "1"]
[SourceVersionDate "2023.09.30"]
[SourceQuality "1"]

1. Nf3 c5 2. c4 Nc6 3. Nc3 e5 4. g3 g6 5. Bg2 Bg7 6. 0-0 Nge7 7. a3 0-0 8. Rb1 a5 9. Ne1 f5 10. Nc2 f4 11. b4 cxb4 12. axb4 axb4 13. Nxb4 d6 14. Nbd5 Na5 15. d3 g5 16. Bd2 Nxd5 17. Nxd5 Nc6 18. Bc3 g4 19. Rb5 Ra2 20. Re1 Na7 21. Rb3 Nc6 22. Qb1 Ra6 23. Be4 h5 24. Rb6 Rxb6 25. Qxb6 Qxb6 26. Nxb6 Be6 27. Rb1 Rd8 28. Nd5 Rd7 29. gxf4 exf4 30. Bxg7 Kxg7 31. Nxf4 Bf7 32. e3 Kh6 33. Kf1 Re7 34. Rb6 Be8 35. Nd5 Rf7 36. Nc3 Kg5 37. Bd5 Ne5 38. Bxf7 Bxf7 39. Rxb7 Bg6 40. Ne4+ Kh4 41. Nxd6 Bxd3+ 42. Ke1 Kh3 43. c5 Kxh2 44. Kd2 Bg6 45. Rg7 h4 46. c6 g3 47. fxg3 hxg3 48. c7 g2 49. c8Q g1Q 50. Qh8+ Kg2 51. Qh6 Qf2+ 52. Kc3 Qf6 53. Kb3 Qxd6 54. Qg5+ Kf1 55. Qf4+ Ke2 56. Qd4 Qe6+ 57. Kb2 Nd3+ 58. Kc3 Be4 59. Rc7 Nf2 60. Kb4 Bd3 61. Rc1 Qe7+ 62. Kb3 Qb7+ 63. Qb4 Qd5+ 64. Ka3 Qa8+ 65. Kb3 Qd5+ 66. Ka3 Qa8+ 67. Kb3 Be4 68. Re1+ Kf3 69. Rf1 Qd5+ 70. Kb2 Kg2 71. Rxf2+ Kxf2 72. Qd4 Qb5+ 73. Ka3 Qa5+ 74. Kb2 Qb5+ 75. Kc3 Qb1 76. Kc4 Qc2+ 77. Kb4 Kf3 78. Qf6+ Ke2 79. Qd4 Qb1+ 80. Kc5 Qb7 81. Kd6 Bd3 82. Ke6 Qc6+ 83. Ke7 Qe4+ 84. Qxe4 Bxe4 1/2-1/2

[Event "Titled Tuesday intern op 20th Jun Early"]
[Site "Chess.com INT"]
[Date "2023.06.20"]
[Round "7"]
[White "Simonovic, Miroslav"]
[Black "Zheenbekov, Nurgazi"]
[Result "0-1"]
[WhiteElo "2082"]
[BlackElo "2033"]
[PlyCount "88"]
[EventDate "2023.06.20"]
[EventType "swiss (blitz)"]
[EventRounds "11"]
[EventCountry "USA"]
[SourceTitle "EXT 2024"]
[Source "ChessBase"]
[SourceDate "2023.10.10"]
[SourceVersion "1"]
[SourceVersionDate "2023.10.10"]
[SourceQuality "1"]

1. d4 Nf6 2. Bg5 c5 3. Bxf6 gxf6 4. d5 d6 5. Nd2 f5 6. e3 Bg7 7. c3 Nd7 8. a4 Nf6 9. Nc4 b6 10. Qd3 0-0 11. Nf3 a6 12. Nh4 Bd7 13. Nxf5 Bxf5 14. Qxf5 b5 15. axb5 axb5 16. Na3 b4 17. Nc2 bxc3 18. bxc3 Rxa1+ 19. Nxa1 Qa5 20. Nb3 Qxc3+ 21. Nd2 Ra8 22. Qd3 Ra1+ 23. Ke2 Qc1 24. Kf3 Qd1+ 25. Qe2 Qa4 26. Qc4 Qd7 27. g3 Ra4 28. Qb5 Qg4+ 29. Kg2 Nxd5 30. Be2 Qb4 31. Qe8+ Bf8 32. Bh5 Nf4+ 33. exf4 Qb7+ 34. Nf3 Qd5 35. Bg4 Ra3 36. Rb1 Ra8 37. Rb8 Rxb8 38. Qxb8 h5 39. Bh3 c4 40. Qc8 Qd3 41. Qc6 c3 42. Ng5 c2 43. Bf5 Qxf5 44. Qc3 Qd5+ 0-1

[Event "Titled Tuesday intern op 13th Jun Early"]
[Site "Chess.com INT"]
[Date "2023.06.13"]
[Round "8"]
[White "Simonovic, Miroslav"]
[Black "Samarth, J Rao"]
[Result "0-1"]
[WhiteElo "2082"]
[BlackElo "1616"]
[PlyCount "130"]
[EventDate "2023.06.13"]
[EventType "swiss (blitz)"]
[EventRounds "11"]
[EventCountry "USA"]
[SourceTitle "EXT 2024"]
[Source "ChessBase"]
[SourceDate "2023.10.10"]
[SourceVersion "1"]
[SourceVersionDate "2023.10.10"]
[SourceQuality "1"]

1. d4 Nf6 2. Bg5 e6 3. e4 Be7 4. Bd3 g6 5. Bxf6 Bxf6 6. e5 Bg7 7. h4 h5 8. g4 c5 9. c3 cxd4 10. cxd4 Nc6 11. Be4 Qb6 12. Bxc6 bxc6 13. Qd2 c5 14. f4 hxg4 15. Ne2 Bb7 16. Rh2 Bf3 17. Nbc3 Rb8 18. dxc5 Qxb2 19. Qxb2 Rxb2 20. 0-0-0 Rb4 21. Rd4 a5 22. a3 g3 23. Rh3 Rxd4 24. Nxd4 Ba8 25. Rxg3 Rxh4 26. Ncb5 Bh6 27. Nc7+ Ke7 28. Ne2 Bc6 29. Kd2 Rh5 30. Ke3 Rxe5+ 31. Kf2 Rxc5 32. Nd4 Bg7 33. Nxc6+ dxc6 34. Rd3 Rc2+ 35. Ke1 Rc3 36. Rd1 e5 37. Na6 exf4 38. a4 Re3+ 39. Kf1 Re5 40. Nc7 g5 41. Re1 Rxe1+ 42. Kxe1 Be5 43. Na6 Bd6 44. Ke2 Kd8 45. Kf3 f5 46. Kf2 Kc8 47. Kg2 Kb7 48. Nc5+ Bxc5 49. Kf3 Bd6 50. Kg2 g4 51. Kf1 Kb6 52. Kg1 Kc5 53. Kf1 Kb4 54. Ke2 Kxa4 55. Kf2 Kb5 56. Ke2 Kc4 57. Kd2 Kd4 58. Kc2 Kc4 59. Kd2 Bc5 60. Ke2 Be3 61. Kd1 Kd3 62. Ke1 g3 63. Kf1 f3 64. Ke1 g2 65. Kd1 g1Q# 0-1

[Event "Titled Tuesday intern op 13th Jun Early"]
[Site "Chess.com INT"]
[Date "2023.06.13"]
[Round "1"]
[White "Simonovic, Miroslav"]
[Black "Sourath, Biswas"]
[Result "0-1"]
[WhiteElo "2082"]
[BlackElo "2305"]
[PlyCount "126"]
[EventDate "2023.06.13"]
[EventType "swiss (blitz)"]
[EventRounds "11"]
[EventCountry "USA"]
[SourceTitle "EXT 2024"]
[Source "ChessBase"]
[SourceDate "2023.10.10"]
[SourceVersion "1"]
[SourceVersionDate "2023.10.10"]
[SourceQuality "1"]

1. d4 Nf6 2. Bg5 d5 3. Bxf6 exf6 4. e3 Be7 5. c4 0-0 6. Nc3 dxc4 7. Bxc4 c5 8. Nge2 cxd4 9. Qxd4 Nc6 10. Qxd8 Rxd8 11. a3 a6 12. Rd1 Bf5 13. e4 Rxd1+ 14. Kxd1 Rd8+ 15. Kc2 Bg4 16. f3 Bc8 17. Rd1 Rxd1 18. Nxd1 Bd6 19. h3 Ne5 20. Bd5 Ng6 21. b4 Nh4 22. Ne3 g6 23. Kc3 Bb8 24. a4 Ba7 25. Nd4 Bb8 26. Ne2 Be5+ 27. Kc4 Bb8 28. b5 axb5+ 29. axb5 Kf8 30. f4 g5 31. g3 Ng6 32. f5 Ne5+ 33. Kc5 Ba7+ 34. b6 Nd7+ 35. Kb5 Bxb6 36. Nc4 Bc7 37. g4 h5 38. Nd4 hxg4 39. hxg4 Ke7 40. Na5 Ne5 41. Nxb7 Bd7+ 42. Kb4 Nxg4 43. Nc5 Bd6 44. Nb5 Ne3 45. Nxd6 Nxd5+ 46. exd5 Kxd6 47. Kc4 Bxf5 48. Nb7+ Kc7 49. Nc5 Bh3 50. Kd4 Bg2 51. Nd3 Kd6 52. Nb2 Bxd5 53. Nd3 f5 54. Nf2 g4 55. Ke3 Ke5 56. Nd3+ Kf6 57. Kf4 Be4 58. Ne5 Ke6 59. Nxg4 fxg4 60. Kxe4 f5+ 61. Kf4 Kf6 62. Kg3 Kg5 63. Kf2 f4 0-1

[Event "Titled Tuesday intern op 13th Jun Early"]
[Site "Chess.com INT"]
[Date "2023.06.13"]
[Round "5"]
[White "Simonovic, Miroslav"]
[Black "Srdanovic, Jovana"]
[Result "0-1"]
[WhiteElo "2082"]
[BlackElo "2047"]
[PlyCount "64"]
[EventDate "2023.06.13"]
[EventType "swiss (blitz)"]
[EventRounds "11"]
[EventCountry "USA"]
[SourceTitle "EXT 2024"]
[Source "ChessBase"]
[SourceDate "2023.10.10"]
[SourceVersion "1"]
[SourceVersionDate "2023.10.10"]
[SourceQuality "1"]

1. d4 d5 2. Bg5 Nf6 3. Bxf6 exf6 4. e3 f5 5. c4 c6 6. cxd5 cxd5 7. g3 g6 8. Bg2 Be6 9. Nc3 Nc6 10. Nge2 Qd7 11. 0-0 Bh6 12. a3 0-0 13. b4 Rac8 14. Na4 b6 15. Qb3 f4 16. Nxf4 Bxf4 17. gxf4 Ne7 18. Rfc1 Bh3 19. Qd1 Bxg2 20. Kxg2 Nf5 21. Nc3 Nh4+ 22. Kg3 Nf5+ 23. Kg2 Qe6 24. h3 Rc4 25. Qg4 Rfc8 26. Na2 h5 27. Qd1 Qe4+ 28. Kh2 Nh4 29. Kg3 Qg2+ 30. Kxh4 Qxf2+ 31. Kg5 Kg7 32. Qg1 f6# 0-1

[Event "Titled Tuesday intern op 06th Jun Late"]
[Site "Chess.com INT"]
[Date "2023.06.06"]
[Round "3"]
[White "Keleberda, Timur"]
[Black "Simonovic, Miroslav"]
[Result "1-0"]
[WhiteElo "2268"]
[BlackElo "2082"]
[PlyCount "119"]
[EventDate "2023.06.06"]
[EventType "swiss (blitz)"]
[EventRounds "11"]
[EventCountry "USA"]
[SourceTitle "EXT 2024"]
[Source "ChessBase"]
[SourceDate "2023.10.10"]
[SourceVersion "1"]
[SourceVersionDate "2023.10.10"]
[SourceQuality "1"]

1. e4 c5 2. Nf3 Nc6 3. Bb5 g6 4. Bxc6 dxc6 5. d3 Bg7 6. h3 e5 7. Be3 b6 8. Nbd2 Ne7 9. a3 0-0 10. b4 cxb4 11. axb4 Be6 12. Ra6 h6 13. Qa1 f5 14. Nb1 f4 15. Bd2 Qc7 16. Bc3 g5 17. Bxe5 Bxe5 18. Qxe5 Qxe5 19. Nxe5 Rfc8 20. Nc3 c5 21. b5 Rc7 22. Ke2 Kg7 23. Rha1 Nc8 24. Kd2 Kf6 25. Ng4+ Kg6 26. Nd5 Bxd5 27. exd5 Rb8 28. Ne5+ Kf5 29. Nc6 Rbb7 30. c4 Rf7 31. Re1 Nd6 32. Re5+ Kg6 33. Re6+ Rf6 34. Rxf6+ Kxf6 35. Rxa7 Rxa7 36. Nxa7 h5 37. Nc6 g4 38. hxg4 hxg4 39. Nd8 Ke5 40. Ne6 g3 41. fxg3 fxg3 42. Ke3 Nf5+ 43. Kf3 Kd6 44. Kf4 Ne7 45. Kxg3 Nxd5 46. cxd5 Kxd5 47. Kf4 Kxe6 48. Ke4 Kf6 49. Kd5 Kf5 50. Kc6 c4 51. dxc4 Ke4 52. Kxb6 Kd4 53. Kc6 Kxc4 54. b6 Kd4 55. b7 Ke3 56. b8Q Kf2 57. Qb2+ Kg3 58. Qe2 Kf4 59. Kd5 Kg5 60. Qf3 1-0

[Event "Titled Tuesday intern op 06th Jun Late"]
[Site "Chess.com INT"]
[Date "2023.06.06"]
[Round "11"]
[White "Omariev, Maksim"]
[Black "Simonovic, Miroslav"]
[Result "0-1"]
[WhiteElo "2304"]
[BlackElo "2082"]
[PlyCount "78"]
[EventDate "2023.06.06"]
[EventType "swiss (blitz)"]
[EventRounds "11"]
[EventCountry "USA"]
[SourceTitle "EXT 2024"]
[Source "ChessBase"]
[SourceDate "2023.10.10"]
[SourceVersion "1"]
[SourceVersionDate "2023.10.10"]
[SourceQuality "1"]

1. e4 c5 2. Nf3 Nc6 3. d4 cxd4 4. Nxd4 g6 5. Nd2 Bg7 6. N2b3 Nxd4 7. Nxd4 d6 8. Be3 Nf6 9. f3 0-0 10. Qd2 Re8 11. 0-0-0 Bd7 12. Kb1 Rc8 13. g4 Qc7 14. h4 h5 15. g5 Nh7 16. Nb5 Bxb5 17. Bxb5 Red8 18. f4 a6 19. Be2 Nf8 20. c3 Ne6 21. Rhe1 Nc5 22. Bf3 Na4 23. Rc1 Qa5 24. Qd5 b5 25. f5 Nb6 26. Qb3 Nc4 27. Bf4 Kh7 28. Be2 Be5 29. Bxe5 Nd2+ 30. Kc2 Nxb3 31. fxg6+ fxg6 32. axb3 dxe5 33. Rcd1 Rxd1 34. Rxd1 Rd8 35. Bd3 Qb6 36. Rf1 Kg7 37. Be2 Rf8 38. Bf3 Rf4 39. Be2 Rxf1 0-1

[Event "Titled Tuesday intern op 23rd May Late"]
[Site "Chess.com INT"]
[Date "2023.05.23"]
[Round "7"]
[White "Mikhalsky, Vladimir"]
[Black "Simonovic, Miroslav"]
[Result "1-0"]
[WhiteElo "2219"]
[BlackElo "2082"]
[PlyCount "132"]
[EventDate "2023.05.23"]
[EventType "swiss (blitz)"]
[EventRounds "11"]
[EventCountry "USA"]
[SourceTitle "EXT 2024"]
[Source "ChessBase"]
[SourceDate "2023.10.10"]
[SourceVersion "1"]
[SourceVersionDate "2023.10.10"]
[SourceQuality "1"]

1. d4 Nf6 2. c4 c5 3. d5 b5 4. f3 bxc4 5. e4 d6 6. Bxc4 g6 7. b3 Bg7 8. Bb2 0-0 9. Ne2 Ba6 10. Nd2 Bxc4 11. Nxc4 Nbd7 12. 0-0 Qc7 13. Bc3 a5 14. a4 Rfb8 15. Rb1 Ne8 16. Bxg7 Kxg7 17. Nc3 Nb6 18. Nb5 Qd7 19. Qd2 Nc7 20. Nxc7 Nxc4 21. bxc4 Qxc7 22. Rb5 Rxb5 23. axb5 a4 24. Ra1 Qa5 25. Qxa5 Rxa5 26. Ra3 Kf6 27. f4 h5 28. Kf2 h4 29. Kf3 g5 30. Kg4 gxf4 31. Kxf4 e6 32. dxe6 fxe6 33. e5+ dxe5+ 34. Ke4 Ra8 35. g4 hxg3 36. hxg3 Ra7 37. g4 Rg7 38. Rxa4 Rxg4+ 39. Kf3 Rd4 40. b6 Rd8 41. Ra5 Rb8 42. Rb5 Rb7 43. Ke4 Ke7 44. Kxe5 Kd7 45. Rxc5 Rxb6 46. Ra5 Rc6 47. c5 Rc7 48. Kd4 Kc6 49. Ra6+ Kb5 50. Rb6+ Ka5 51. Rxe6 Rc8 52. Rb6 Rd8+ 53. Kc4 Rg8 54. Rb1 Rg2 55. Kd5 Rg5+ 56. Kd4 Rg4+ 57. Ke5 Rg5+ 58. Kd6 Rg6+ 59. Kc7 Rg7+ 60. Kb8 Rg8+ 61. Ka7 Rg7+ 62. Rb7 Rg5 63. c6 Rc5 64. c7 Rxc7 65. Rxc7 Kb5 66. Kb7 Kb4 1-0

[Event "Titled Tuesday intern op 23rd May Late"]
[Site "Chess.com INT"]
[Date "2023.05.23"]
[Round "9"]
[White "Osiecki, Stanislaw"]
[Black "Simonovic, Miroslav"]
[Result "0-1"]
[WhiteElo "2055"]
[BlackElo "2082"]
[PlyCount "106"]
[EventDate "2023.05.23"]
[EventType "swiss (blitz)"]
[EventRounds "11"]
[EventCountry "USA"]
[SourceTitle "EXT 2024"]
[Source "ChessBase"]
[SourceDate "2023.10.10"]
[SourceVersion "1"]
[SourceVersionDate "2023.10.10"]
[SourceQuality "1"]

1. e4 c5 2. c3 d5 3. e5 d4 4. Bc4 Nc6 5. Nf3 e6 6. a4 Nge7 7. 0-0 Ng6 8. Re1 Be7 9. d3 0-0 10. Qe2 b6 11. Qe4 Bb7 12. Qg4 Na5 13. cxd4 Nxc4 14. dxc4 cxd4 15. Qxd4 Bxf3 16. Qxd8 Rfxd8 17. gxf3 Rd4 18. b3 Nxe5 19. Kg2 Nd3 20. Rf1 Bf6 21. Ra2 Rad8 22. Be3 Nf4+ 23. Kg3 Nh5+ 24. Kg2 Rd1 25. Rd2 Rxf1 26. Rxd8+ Bxd8 27. Kxf1 Bc7 28. h3 Nf4 29. Bxf4 Bxf4 30. Nc3 a6 31. Ke2 Kf8 32. Kd3 Ke7 33. Ke4 Bd2 34. Ne2 f5+ 35. Kd3 Be1 36. Ke3 e5 37. f4 Ke6 38. fxe5 Kxe5 39. f4+ Kd6 40. Nd4 g6 41. Nc2 Bc3 42. b4 a5 43. bxa5 Bxa5 44. Kd4 Bd2 45. Ne3 h6 46. Ng2 g5 47. fxg5 hxg5 48. Kd3 Bc1 49. Ne1 g4 50. hxg4 fxg4 51. Ng2 Kc5 52. Ne1 Kb4 53. Kc2 Bg5 0-1